Mehr als ein Lehrplan: Bemerkungen zur Funktion, zum Stellenwert und zur möglichen Weiterentwicklung des Zielfelderplans rundschule
Saved in:
| Main Author: | |
|---|---|
| Format: | Article (Journal) |
| Language: | German |
| Published: |
1981
|
| In: |
Katechetische Blätter
Year: 1981, Volume: 106, Issue: 5, Pages: 381-385 |
| ISSN: | 0342-5517 |
| Online Access: |
|
| Author Notes: | Heinz Schmidt |
MARC
| LEADER | 00000caa a22000002c 4500 | ||
|---|---|---|---|
| 001 | 1634211413 | ||
| 003 | DE-627 | ||
| 005 | 20250415091529.0 | ||
| 007 | tu | ||
| 008 | 150825s1981 xx ||||| 00| ||ger c | ||
| 035 | |a (DE-627)1634211413 | ||
| 035 | |a (DE-576)444642900 | ||
| 035 | |a (DE-599)BSZ444642900 | ||
| 035 | |a (OCoLC)1341155744 | ||
| 040 | |a DE-627 |b ger |c DE-627 |e rakwb | ||
| 041 | |a ger | ||
| 084 | |a 12 |2 sdnb | ||
| 084 | |a 1 |2 ssgn | ||
| 100 | 1 | |a Schmidt, Heinz |d 1943- |e VerfasserIn |0 (DE-588)122720512 |0 (DE-627)08211398X |0 (DE-576)284435856 |4 aut | |
| 245 | 1 | 0 | |a Mehr als ein Lehrplan |b Bemerkungen zur Funktion, zum Stellenwert und zur möglichen Weiterentwicklung des Zielfelderplans rundschule |c Heinz Schmidt |
| 264 | 1 | |c 1981 | |
| 336 | |a Text |b txt |2 rdacontent | ||
| 337 | |a ohne Hilfsmittel zu benutzen |b n |2 rdamedia | ||
| 338 | |a Band |b nc |2 rdacarrier | ||
| 773 | 0 | 8 | |i In |t Katechetische Blätter |d Ostfildern : Matthias Grünewald Verlag in der Schwabenverlag AG, 1875 |g 106(1981), 5, Seite 381-385 |w (DE-627)129525790 |w (DE-600)213594-2 |w (DE-576)014944790 |x 0342-5517 |7 nnas |a Mehr als ein Lehrplan Bemerkungen zur Funktion, zum Stellenwert und zur möglichen Weiterentwicklung des Zielfelderplans rundschule |
| 773 | 1 | 8 | |g volume:106 |g year:1981 |g number:5 |g pages:381-385 |a Mehr als ein Lehrplan Bemerkungen zur Funktion, zum Stellenwert und zur möglichen Weiterentwicklung des Zielfelderplans rundschule |
| 935 | |a mteo |a DTH5 | ||
| 951 | |a AR | ||
| 992 | |a 20150825 | ||
| 993 | |a Article | ||
| 994 | |a 1981 | ||
| 998 | |g 122720512 |a Schmidt, Heinz |m 122720512:Schmidt, Heinz |d 910000 |d 950000 |d 950950 |e 910000PS122720512 |e 950000PS122720512 |e 950950PS122720512 |k 0/910000/ |k 1/910000/950000/ |k 2/910000/950000/950950/ |p 1 |x j |y j | ||
| 999 | |a KXP-PPN1634211413 |e 3288914492 | ||
| BIB | |a Y | ||
| SER | |a journal | ||
| JSO | |a {"relHost":[{"part":{"pages":"381-385","volume":"106","issue":"5","text":"106(1981), 5, Seite 381-385","year":"1981"},"disp":"Mehr als ein Lehrplan Bemerkungen zur Funktion, zum Stellenwert und zur möglichen Weiterentwicklung des Zielfelderplans rundschuleKatechetische Blätter","titleAlt":[{"title":"KatBl"},{"title":"Jugendseelsorger"},{"title":"Kirchliche Jugendarbeit"},{"title":"Zeitschrift für Religionsunterricht, Gemeindekatechese, kirchliche Jugendarbeit"},{"title":"Katechetische Blaetter"},{"title":"Katechetische Blätter"},{"title":"Katechetische Blætter"}],"title":[{"subtitle":"Zeitschrift für religiöses Lernen in Schule und Gemeinde","title":"Katechetische Blätter","title_sort":"Katechetische Blätter"}],"note":["Erscheint ab 2018 5x/Jahr","Früher herausgegeben von: Deutscher Katecheten-Verein e.V. und Arbeitsstelle für Jugendseelsorge der Deutschen Bischofskonferenz","Material zum Download auf der Homepage. Hier können Sie das zusätzliche Downloadmaterial der jeweiligen Ausgaben herunterladen"],"origin":[{"publisher":"Matthias Grünewald Verlag in der Schwabenverlag AG ; Kösel","dateIssuedDisp":"1875-","publisherPlace":"Ostfildern ; München","dateIssuedKey":"1875"}],"type":{"bibl":"periodical"},"name":{"displayForm":["herausgegeben vom Deutschen Katecheten-Verein e.V."]},"pubHistory":["1.1875 - 25.1899; N.F. 1=26.1900 - 45=70.1944; 71.1946 -"],"language":["ger"],"recId":"129525790","id":{"eki":["129525790"],"issn":["0342-5517","0342-5541"],"zdb":["213594-2"]}}],"title":[{"subtitle":"Bemerkungen zur Funktion, zum Stellenwert und zur möglichen Weiterentwicklung des Zielfelderplans rundschule","title_sort":"Mehr als ein Lehrplan","title":"Mehr als ein Lehrplan"}],"origin":[{"dateIssuedKey":"1981","dateIssuedDisp":"1981"}],"type":{"bibl":"article-journal"},"name":{"displayForm":["Heinz Schmidt"]},"id":{"eki":["1634211413"]},"person":[{"display":"Schmidt, Heinz","given":"Heinz","family":"Schmidt","role":"aut"}],"recId":"1634211413","language":["ger"]} | ||
| SRT | |a SCHMIDTHEIMEHRALSEIN1981 | ||